Pensando el presente y soñando el pasado: la política y la historia en el Proyecto de los Pasajes de Walter Benjamín. = Thinking about the present and dreaming about the past: the politics and history in Walter Benjamin's Arcades Project. Pensando o present /
Se exploran las propuestas políticas e históricas de Walter Benjamin que surgen de su Libro de los pasajes, su crítica al historicismo y su propuesta de interpretación histórica como un sueño para tener en cuenta la relación dialéctica entre el pasado y las posibilidades políticas presentes. Se argu...
Збережено в:
| Автор: | |
|---|---|
| Формат: | Текст |
| Предмети: | |
| Теги: |
Додати тег
Немає тегів, Будьте першим, хто поставить тег для цього запису!
|
MARC
| LEADER | 00000 a a2200000 04500 | ||
|---|---|---|---|
| 001 | 18403 | ||
| 003 | |||
| 040 | |||
| 100 | |a Betancourt Serrano, Alex | ||
| 245 | |a Pensando el presente y soñando el pasado: la política y la historia en el Proyecto de los Pasajes de Walter Benjamín. = |b Thinking about the present and dreaming about the past: the politics and history in Walter Benjamin's Arcades Project. Pensando o present / |c Alex Betancourt Serrano | ||
| 520 | |a Se exploran las propuestas políticas e históricas de Walter Benjamin que surgen de su Libro de los pasajes, su crítica al historicismo y su propuesta de interpretación histórica como un sueño para tener en cuenta la relación dialéctica entre el pasado y las posibilidades políticas presentes. Se argumenta que el elemento de urgencia que implica la visión benjaminiana adscrita a un ethos democrático ofrece una visión progresista de lo político sin caer en teleologías historicistas | ||
| 650 | |a ANALISIS HISTORICO | ||
| 650 | |a METODOS DE INVESTIGACION | ||
| 650 | |a HISTORIA | ||
| 650 | |a EPISTEMOLOGIA | ||
| 650 | |a POLITICA | ||
| 650 | |a WALTER BENJAMIN | ||
| 773 | |g número 8; páginas 69-96 | ||
| 999 | |c 39314 |d 39314 | ||
